书目信息 |
| 题名: |
大学生学习方法导论
|
|
| 作者: | 赵希文 主编 | |
| 分册: | ||
| 出版信息: | 杭州 浙江大学出版社 2015.08 |
|
| 页数: | 292页 | |
| 开本: | 26cm | |
| 丛书名: | ||
| 单 册: | ||
| 中图分类: | G642.46 | |
| 科图分类: | ||
| 主题词: | 大学生--学习方法 | |
| 电子资源: | ||
| ISBN: | 978-7-308-14968-6 | |
| 000 | 00904nam0 2200241 450 | |
| 001 | 0120151660313 | |
| 005 | 20160614151232.89 | |
| 010 | @a978-7-308-14968-6@dCNY39.00 | |
| 100 | @a20150921d2015 em y0chiy50 ea | |
| 101 | 0 | @achi |
| 102 | @aCN@b330000 | |
| 105 | @aak z 000yy | |
| 106 | @ar | |
| 200 | 1 | @a大学生学习方法导论@9da xue sheng xue xi fang fa dao lun@f赵希文主编 |
| 210 | @a杭州@c浙江大学出版社@d2015.08 | |
| 215 | @a292页@c图@d26cm | |
| 330 | @a本书从更新观念、确立目标、掌握方法和协同促进四个方面入手,论述了大学学习的基本原理、学习的心理学基础和大学学习的目标,介绍了大学学习的基本方法;进一步简述了团队学习,以及如何通过协同促进提升学习的品格;同时,着重论述了创新学习能力的培养方法。 | |
| 333 | @a高校师生 | |
| 606 | 0 | @a大学生@x学习方法 |
| 690 | @aG642.46@v5 | |
| 701 | 0 | @a赵希文@9zhao xi wen@4主编 |
| 801 | 0 | @aCN@b人天书店@c20150921 |
| 905 | @b879826-31@dG642.46@e765@f6 | |
| 大学生学习方法导论/赵希文主编.-杭州:浙江大学出版社,2015.08 |
| 292页:图;26cm |
| 使用对象:高校师生 |
| ISBN 978-7-308-14968-6:CNY39.00 |
| 本书从更新观念、确立目标、掌握方法和协同促进四个方面入手,论述了大学学习的基本原理、学习的心理学基础和大学学习的目标,介绍了大学学习的基本方法;进一步简述了团队学习,以及如何通过协同促进提升学习的品格;同时,着重论述了创新学习能力的培养方法。 |
| ● |
| 相关链接 |
|
|
|
|
正题名:大学生学习方法导论
索取号:G642.46/765
 
预约/预借
| 序号 | 登录号 | 条形码 | 馆藏地/架位号 | 状态 | 备注 |
| 1 | 879826 | 208798265 | 第一样本阅览室/ [索取号:G642.46/765] | 在馆 | |
| 2 | 879827 | 208798274 | 教育系资料室/ [索取号:G642.46/765] | 在馆 | |
| 3 | 879828 | 208798283 | 教育系资料室/ [索取号:G642.46/765] | 在馆 | |
| 4 | 879829 | 208798292 | 教育系资料室/ [索取号:G642.46/765] | 在馆 | |
| 5 | 879830 | 208798309 | 第四借阅区/ [索取号:G642.46/765] | 在馆 | |
| 6 | 879831 | 208798318 | 第四借阅区/ [索取号:G642.46/765] | 在馆 |